Memorias de la I jornada Ecuatoriana de Geogebra /

Bibliographic Details
Corporate Author: Ministerio de Educación Pública (Editor)
Other Authors: Pari Condori, Abdon (coordinador)
Format: Book
Language:Spanish
Published: Azogues: Editorial UNAE, Editorial El InstitutoEcuatoriano de GeoGebra (IEG), 2019.
Edition:Primera edición.
Subjects:

MARC

LEADER 00000nam a2200000 i 4500
003 eccuu
005 20240113062739.0
006 a||||gr||||a001 0
007 ta
008 230508s2019 ec aaa g ||||a001 0 spa a
020 |a 978-9942-783-39-4 
020 |a 978-9942-783-42-4 
040 |a eccuu  |b spa  |c eccuu  |e rda 
041 0 |a spa 
082 0 |2 22  |a 510.71  |c 36398655 
245 0 0 |a Memorias de la I jornada Ecuatoriana de Geogebra /   |c Abdon Pari Condori. 
250 |a Primera edición. 
264 1 |a Azogues:   |b Editorial UNAE,   |b Editorial El InstitutoEcuatoriano de GeoGebra (IEG),   |c 2019. 
300 |a 158 páginas:   |c 21 cm  |b dia 
336 |2 rdacontent  |a texto  |b txt 
337 |2 rdamedia  |a no mediado  |b n 
338 |2 rdacarrier  |a volumen  |b nc 
504 |a incl. bibind. 
505 1 |a  índice -- Prólogo -- Conferencias -- Objetos de aprendizaje-potencialidades de la vista tridimensional -- Agostinho Iaqchan Ryokiti-Homa -- El impacto de GeoGebra en el desarrollo Profesional del profesorado de matemáticas -- Abdón Pari Condori -- GeoGebra Móvil en la enseñanza de matemáticas - Marcos Manuel Ibarra Nuñez -- Materiales y recursos para provechar lo que ofrece la comunidad GeoGebra - Agustín Criollo de Albornoz Torres -- GeoGebra como recursos para enseñar matemáticas apoyándose en demostraciones matemáticas - Marco Vinicio Vázquez Bernal -- Ponencias -- Elaboración de animaciones en GeoGebra para motivar el estudio de Geometría Analítica - Andrés Merino Toapanta y Mario Edmundo Cueva Almeida -- Guía didáctica para el gráfico de las fundaciones seno y coseno para segundo año de bachillerato general unificado mediante GeoGebra - Santiago Riofrío Sarmiento, Cesar Trelles-Zambrano y Adriana Genoveva Samaniego Benavidez -- Aplicación de GeoGebra en la teoría de grafos - Pablo Andrés Guallpa Erráez, Cristina Alexandra Sarmiento Plaza y César Trelles-Zambrano -- GeoGebra y el modelo de Van Hiele para el desarrollo de teoremas geométricos - Carlos Vicente Llenera, Fabrizio Logiurato y Juan Francisco Tlapanco-Limón. — Secuencias didácticas con GeoGebra: aprendizaje de las fundaciones lineales y cuadráticas - Richra Lutter Calderón Zambrano, Germán Wilfrido Panamá Criollo y Carlos Gonzalo Morales Figueroa -- Experiencias de la enseñanza y aprendizaje de álgebra y geometría con ayuda de GeoGebra - Carlos Gonzalo Morales Figueroa y Germán Wilfrido Panamá Criollo -- Talleres -- GeoGebra en la enseñanza de la Estadística descriptiva - Fredy Rivadeneira Loor -- GeoGebra y la etnomatemática - Roxana Auccahuallpa Fernández. 
650 1 7 |9 254725  |a Matemáticas 
650 1 7 |9 110318  |a Análisis matemático 
650 1 7 |a Aritmética  |9 8642 
650 1 7 |9 123988  |a Ecuacion 
651 |2 UCuenca-cdrjbv 
700 1 |9 309556  |a Pari Condori, Abdon.  |e coordinador 
710 2 |9 249413  |a Ministerio de Educación Pública.  |e editor 
942 |2 ddc  |c BK  |z jenny.perez@ucuenca.edu.ec 
999 |c 162199  |d 162199